ბათუმის შოთა რუსთაველის სახელმწიფო უნივერსიტეტის ბიბლიოთეკა

რჩეული ბალადები.პოემები (ბიბ.ჩანაწერი № 43418)

000 -LEADER
fixed length control field 00813nam a2200217Ia 4500
001 - CONTROL NUMBER
control field 10148
003 - CONTROL NUMBER IDENTIFIER
control field GE_BSU
008 - FIXED-LENGTH DATA ELEMENTS--GENERAL INFORMATION
fixed length control field 181216s||||||||xx |||||||||||||| ||und||
040 ## - CATALOGING SOURCE
Transcribing agency GE_BSU
080 ## - UNIVERSAL DECIMAL CLASSIFICATION NUMBER
Universal Decimal Classification number 821.353.1-144+821.353.1-11
100 ## - MAIN ENTRY--PERSONAL NAME
Personal name სულაბერიძე,ლადო
245 ## - TITLE STATEMENT
Title რჩეული ბალადები.პოემები
245 ## - TITLE STATEMENT
Statement of responsibility, etc. რედ.ი.არაბული.მხატვ.დ.დუნდუა.წინასიტყვ.გ.ციციშვილისა
260 ## - PUBLICATION, DISTRIBUTION, ETC.
Place of publication, distribution, etc. თბილისი
260 ## - PUBLICATION, DISTRIBUTION, ETC.
Name of publisher, distributor, etc. საბჭოთა საქართველო
260 ## - PUBLICATION, DISTRIBUTION, ETC.
Date of publication, distribution, etc. 1981
300 ## - PHYSICAL DESCRIPTION
Extent 236გვ.პორტრ.21სმ.
653 ## - INDEX TERM--UNCONTROLLED
Uncontrolled term რჩეული ბალადები.პოემები
942 ## - ADDED ENTRY ELEMENTS (KOHA)
Koha item type წიგნი

არაა ხელმისაწვდომი ეგზემპლარები.